|
|
|
|
| LEADER |
00000nam0a2200000 4500 |
| 001 |
252581 |
| 005 |
20231101232750.0 |
| 010 |
|
|
|a 9785020190542
|
| 035 |
|
|
|a (RuTPU)RU\TPU\book\274930
|
| 090 |
|
|
|a 252581
|
| 100 |
|
|
|a 20140304d2013 k y0rusy50 ca
|
| 101 |
0 |
|
|a rus
|
| 102 |
|
|
|a RU
|
| 105 |
|
|
|a a z 001zy
|
| 200 |
1 |
|
|a Строительство переходов магистральных трубопроводов через естественные и искусственные препятствия
|f З. З. Шарафутдинов [и др.]
|
| 210 |
|
|
|a Новосибирск
|c Наука
|d 2013
|
| 215 |
|
|
|a 339 с.
|c ил.
|
| 320 |
|
|
|a Библиогр.: с. 334-338.
|
| 330 |
|
|
|a Переходы магистральных трубопроводов (ПМТ) являются наиболее ответственными элементами в составе линейной части, к ним предъявляются повышенные требования в отношении прочности труб, контроля качества монтажных сварных соединений, предварительного испытания и назначения типа изоляционного покрытия. Несмотря на значительный объем ПМТ, построенных в РФ и других странах, отсутствует упорядоченность и не разработаны технологические нормы контроля в проектировании и процессе их строительства, что приводит к возникновению аварийных ситуаций и резкому увеличению затрат на строительство. В работе проанализированы условия строительства ПМТ, нормированы технологические аспекты проектирования, даны проектные решения по строительству ПМТ, которые позволят снизить стоимость их строительства, ограничить возможность создания аварийных ситуаций и предотвратить возможность потери ПМТ. Книга предназначена для специалистов нефтегазовой промышленности, аспирантов соответствующих специальностей, а также студентов нефтегазовых вузов.
|
| 606 |
1 |
|
|a Нефтепроводы магистральные
|x Переходы
|x Постройка
|x Механизация
|2 stltpush
|3 (RuTPU)RU\TPU\subj\45778
|9 64969
|
| 610 |
1 |
|
|a магистральные трубопроводы
|
| 610 |
1 |
|
|a строительство
|
| 610 |
1 |
|
|a радиационные методы
|
| 610 |
1 |
|
|a наклонно-направленное бурение
|
| 610 |
1 |
|
|a подводные переходы
|
| 610 |
1 |
|
|a инженерно-технические изыскания
|
| 610 |
1 |
|
|a буровое оборудование
|
| 610 |
1 |
|
|a породоразрушающие инструменты
|
| 610 |
1 |
|
|a осложнения
|
| 610 |
1 |
|
|a аварии
|
| 610 |
1 |
|
|a буровые растворы
|
| 610 |
1 |
|
|a материалы
|
| 610 |
1 |
|
|a химические реагенты
|
| 610 |
1 |
|
|a утилизация
|
| 610 |
1 |
|
|a протаскивание
|
| 610 |
1 |
|
|a микротоннелирование
|
| 610 |
1 |
|
|a проходческие работы
|
| 610 |
1 |
|
|a прокладка
|
| 610 |
1 |
|
|a бестраншейные методы
|
| 675 |
|
|
|a 622.692.4.07
|v 3
|
| 701 |
|
1 |
|a Шарафутдинов
|b З. З.
|g Зариф Закиевич
|
| 701 |
|
1 |
|a Спектор
|b Ю. И.
|g Юрий Иосифович
|
| 701 |
|
1 |
|a Скрепнюк
|b А. Б.
|g Андрей Борисович
|
| 701 |
|
1 |
|a Парижер
|b В. И.
|g Виталий Исаевич
|
| 701 |
|
1 |
|a Сорокин
|b Д. Н.
|g Дмитрий Николаевич
|
| 801 |
|
1 |
|a RU
|b 63413507
|c 20140304
|
| 801 |
|
2 |
|a RU
|b 63413507
|c 20230404
|g RCR
|
| 942 |
|
|
|c BK
|